• 首页
  • 本馆介绍
  • 公告通知
  • 最新文献
  • 馆藏检索
  • 电子资源
  • 读者导购
  • 参考咨询
  • 我的图书馆
  • 登录
  • 详细信息显示
  • 放入我的书架
  • 预约/预借图书
  • 作者相关作品
  • 分类相关作品
  • 丛书相关作品
  • 出版社相关作品

书目信息

  • 表格格式
  • 工作单格式
  • 卡片格式
题名:
出土文献所见汉传佛教在西夏的传播及影响
    
 
作者: 樊丽沙 著
分册:  
出版信息: 北京   中国社会科学出版社  2022
页数: 239页
开本: 24cm
丛书名:
单 册:
中图分类: B946 , B9
科图分类:
主题词: 汉传佛教--佛教史--研究--中国--西夏 , 无神论 , 宗教
电子资源:
ISBN: 978-7-5203-6766-0
000 01258nam0 2200277 450
001 2367402732
005 20231010184338.65
010    @a978-7-5203-6766-0@dCNY89.00
100    @a20201015d2020 em y0chiy50 ea
101 0  @achi
102    @aCN@b110000
105    @aa z 000yy
200 1  @a出土文献所见汉传佛教在西夏的传播及影响@Achu tu wen xian suo jian han chuan fo jiao zai xi xia de chuan bo ji ying xiang@dThe spread and influence of Chinese Buddhism in Xixia from excavated literatures@f樊丽沙著@zeng
210    @a北京@c中国社会科学出版社@d2022
215    @a239页@c图@d24cm
300    @a国家社会科学基金重大项目《敦煌中外关系史料的整理与研究》、敦煌研究院院级课题重点项目“敦煌晚期石窟的分期与断代”、郑州大学体育学院博士科研启动专项项目
330    @a本书分为五章,主要内容包括:汉传佛教与西夏佛教之初兴、汉语佛典在西夏的传译、中土佛教宗派在西夏的传播与影响、中土民间信仰与西夏佛教、西夏佛教中的汉文化因素。
510 1  @aSpread and influence of Chinese Buddhism in Xixia from excavated literatures@zeng
606 0  @a汉传佛教@x佛教史@x研究@y中国@z西夏
606 0  @a无神论
606 0  @a宗教
690    @aB946@v5
690    @aB9@v4
701  0 @a樊丽沙@Afan li sha@f(1982-)@4著
801  0 @aCN@b安徽时代@c20230923
905    @aBZT@dB9@e9
    
    出土文献所见汉传佛教在西夏的传播及影响=The spread and influence of Chinese Buddhism in Xixia from excavated literatures/樊丽沙著.-北京:中国社会科学出版社,2022
    239页:图;24cm
    国家社会科学基金重大项目《敦煌中外关系史料的整理与研究》、敦煌研究院院级课题重点项目“敦煌晚期石窟的分期与断代”、郑州大学体育学院博士科研启动专项项目
    
    ISBN 978-7-5203-6766-0:CNY89.00
    本书分为五章,主要内容包括:汉传佛教与西夏佛教之初兴、汉语佛典在西夏的传译、中土佛教宗派在西夏的传播与影响、中土民间信仰与西夏佛教、西夏佛教中的汉文化因素。
●
相关链接 在五车中查询图书 在当当中查询图书 在豆瓣中查询图书


正题名:出土文献所见汉传佛教在西夏的传播及影响     索取号:B9/9         预约/预借

序号 登录号 条形码 馆藏地/架位号 状态 备注
1 2000939454   2000939454   315书库/四3架B面3层4列/ [索取号:B9/9] 在馆    
2 2000939455   2000939455   315书库/四3架B面3层4列/ [索取号:B9/9] 在馆    
3 2000939456   2000939456   315书库/四3架B面3层4列/ [索取号:B9/9] 在馆    
4 2000939457   2000939457   315书库/四3架B面3层4列/ [索取号:B9/9] 在馆    
5 2000939458   2000939458   315书库/四3架B面3层4列/ [索取号:B9/9] 在馆    
6 2000939459   2000939459   315书库/四3架B面3层4列/ [索取号:B9/9] 在馆    
山东省滨州职业学院图书馆 欢迎您!
大连网信软件有限公司© 版权所有